[Event "Krefeld Pfingsten op"]
[Site "Krefeld"]
[Date "2025.06.08"]
[Round "5"]
[White "Aengenheister, Dennis"]
[Black "Gutkin, Ilya"]
[Result "0-1"]
[WhiteElo "2001"]
[BlackElo "2332"]
[PlyCount "136"]
[EventDate "2025.06.06"]
[EventType "swiss"]
[EventRounds "9"]
[EventCountry "GER"]
[SourceTitle "CB24_2025"]
[SourceDate "2025.06.11"]
[SourceVersion "1"]
[SourceVersionDate "2025.06.11"]
[SourceQuality "1"]

1. d4 e6 2. c4 Bb4+ 3. Bd2 Qe7 4. Nf3 Nf6 5. g3 Nc6 6. Bg2 Bxd2+ 7. Qxd2 Ne4 8. Qc2 Qb4+ 9. Kf1 d5 10. e3 Qxc4+ 11. Qxc4 dxc4 12. Nfd2 Nxd2+ 13. Nxd2 Na5 14. b4 cxb3 15. axb3 Nc6 16. Bxc6+ bxc6 17. Ra5 a6 18. Ke2 Rb8 19. Rc5 Rb6 20. Rhc1 Bb7 21. R1c3 Rb5 22. Rxb5 axb5 23. b4 Kd7 24. Nb3 Ra8 25. Na5 Kc8 26. Rc5 Kb8 27. Kf3 Ka7 28. Kf4 f6 29. Ke4 Kb6 30. f4 Rd8 31. g4 h6 32. h4 Rd6 33. Kf3 Bc8 34. e4 Bd7 35. Nb3 Be8 36. g5 Rd8 37. Ke3 Bd7 38. Rc1 Ra8 39. Na5 hxg5 40. hxg5 Rh8 41. gxf6 Rh3+ 42. Ke2 gxf6 43. Rb1 e5 44. fxe5 fxe5 45. Nb3 exd4 46. Nc5 Bc8 47. Kf2 Rc3 48. Ke2 Rxc5 49. bxc5+ Kxc5 50. Kd3 Be6 51. Rh1 Bc4+ 52. Kc2 d3+ 53. Kd2 Kd4 54. Rh4 c5 55. Rg4 Ba2 56. e5+ Kxe5 57. Kxd3 b4 58. Rg5+ Kd6 59. Kc2 Bd5 60. Rh5 c4 61. Rg5 c6 62. Rg4 Kc5 63. Rf4 Kb5 64. Rf8 Be4+ 65. Kb2 c5 66. Rf4 c3+ 67. Kb3 c4+ 68. Ka2 b3+ 0-1

[Event "Krefeld Pfingsten op"]
[Site "Krefeld"]
[Date "2025.06.07"]
[Round "3"]
[White "Aengenheister, Dennis"]
[Black "Restorff, Felix"]
[Result "1/2-1/2"]
[WhiteElo "2001"]
[BlackElo "2114"]
[PlyCount "44"]
[EventDate "2025.06.06"]
[EventType "swiss"]
[EventRounds "9"]
[EventCountry "GER"]
[SourceTitle "CB24_2025"]
[SourceDate "2025.06.11"]
[SourceVersion "1"]
[SourceVersionDate "2025.06.11"]
[SourceQuality "1"]

1. d4 d5 2. Nf3 Nf6 3. g3 c5 4. c3 cxd4 5. cxd4 Nc6 6. Bg2 e6 7. 0-0 Be7 8. Nc3 0-0 9. Bf4 a6 10. Rc1 Bd7 11. Re1 b5 12. e4 Nxe4 13. Nxe4 dxe4 14. Ne5 Nxe5 15. dxe5 Rc8 16. Bxe4 Rxc1 17. Bxc1 Qc8 18. Qf3 Qc7 19. Bf4 g6 20. h4 Rc8 21. Rc1 Qb6 22. Rxc8+ Bxc8 1/2-1/2

[Event "Krefeld op"]
[Site "Krefeld"]
[Date "2022.08.08"]
[Round "8"]
[White "Moeller, Tom"]
[Black "Aengenheister, Dennis"]
[Result "1-0"]
[WhiteElo "1246"]
[BlackElo "1909"]
[PlyCount "49"]
[EventDate "2022.08.04"]
[EventType "swiss"]
[EventRounds "9"]
[EventCountry "GER"]
[SourceTitle "CBM 209 Extra"]
[Source "ChessBase"]
[SourceDate "2022.09.30"]
[SourceVersion "1"]
[SourceVersionDate "2022.09.30"]
[SourceQuality "1"]

1. d4 f5 2. Nc3 Nf6 3. Bf4 g6 4. e3 Bg7 5. Nf3 0-0 6. Be2 d6 7. Bc4+ e6 8. Qe2 a5 9. 0-0-0 c6 10. Bd3 b5 11. e4 a4 12. Qe3 Ng4 13. Qd2 fxe4 14. Nxe4 d5 15. Neg5 Nxf2 16. Qxf2 Rxf4 17. Qe3 Qd6 18. Ne5 Bxe5 19. dxe5 Qf8 20. Rhf1 Rf5 21. g4 Rxf1 22. Rxf1 Qh6 23. Rf7 Qxh2 24. Rxh7 Qg2 25. Qf4 1-0

[Event "Krefeld op"]
[Site "Krefeld"]
[Date "2022.08.07"]
[Round "6"]
[White "Bui, Hoan Tam"]
[Black "Aengenheister, Dennis"]
[Result "0-1"]
[WhiteElo "1630"]
[BlackElo "1909"]
[PlyCount "58"]
[EventDate "2022.08.04"]
[EventType "swiss"]
[EventRounds "9"]
[EventCountry "GER"]
[SourceTitle "CBM 209 Extra"]
[Source "ChessBase"]
[SourceDate "2022.09.30"]
[SourceVersion "1"]
[SourceVersionDate "2022.09.30"]
[SourceQuality "1"]

1. e4 e6 2. d4 d5 3. Nd2 c5 4. exd5 Qxd5 5. Ngf3 cxd4 6. Bc4 Qd6 7. 0-0 Nf6 8. Nb3 Nc6 9. Nbxd4 Nxd4 10. Nxd4 a6 11. Re1 Qc7 12. Bd3 Bd6 13. h3 0-0 14. Bg5 Be5 15. c3 h6 16. Bd2 Bh2+ 17. Kh1 Bf4 18. Bxf4 Qxf4 19. Qf3 Qc7 20. Rad1 b6 21. Qe2 Bb7 22. Nf3 Rfd8 23. Bc2 Qc5 24. Ne5 Kf8 25. Bb3 Ne4 26. Rxd8+ Rxd8 27. Nxf7 Rd2 28. Ne5 Rxe2 29. Nd7+ Ke7 0-1

[Event "Krefeld op"]
[Site "Krefeld"]
[Date "2022.08.06"]
[Round "5"]
[White "Aengenheister, Dennis"]
[Black "Nezhyvenko, Mykhaylo"]
[Result "0-1"]
[WhiteElo "1909"]
[BlackElo "1576"]
[PlyCount "41"]
[EventDate "2022.08.04"]
[EventType "swiss"]
[EventRounds "9"]
[EventCountry "GER"]
[SourceTitle "CBM 209 Extra"]
[Source "ChessBase"]
[SourceDate "2022.09.30"]
[SourceVersion "1"]
[SourceVersionDate "2022.09.30"]
[SourceQuality "1"]

1. d4 Nf6 2. Nf3 g6 3. g3 Bg7 4. Bg2 0-0 5. 0-0 d6 6. c4 Nc6 7. Nc3 e5 8. dxe5 dxe5 9. Bg5 Be6 10. Nd5 h6 11. Nxf6+ Bxf6 12. Bxh6 Qxd1 13. Raxd1 Rfd8 14. b3 Bg4 15. h3 Bxf3 16. Bxf3 g5 17. Be4 Nd4 18. Rfe1 Nxe2+ 19. Kg2 Rxd1 20. Rxd1 Nc3 21. Re1 0-1

[Event "GER-ch U25-A"]
[Site "Willingen"]
[Date "2016.05.18"]
[Round "6"]
[White "Zeuner, Ole"]
[Black "Aengenheister, Dennis"]
[Result "1/2-1/2"]
[WhiteElo "1567"]
[BlackElo "1749"]
[PlyCount "153"]
[EventDate "2016.05.15"]
[EventType "swiss"]
[EventRounds "9"]
[EventCountry "GER"]
[SourceTitle "CBM 172 Extra"]
[Source "ChessBase"]
[SourceDate "2016.06.21"]
[SourceVersion "1"]
[SourceVersionDate "2016.06.21"]
[SourceQuality "1"]

1. e4 e6 2. d4 d5 3. Nd2 c5 4. exd5 exd5 5. Ngf3 Nc6 6. Bb5 Bd6 7. dxc5 Bxc5 8. 0-0 Nge7 9. Nb3 Bd6 10. Re1 0-0 11. Bd3 Bf5 12. Bg5 Qd7 13. Nbd4 Bxd3 14. Qxd3 Rfe8 15. Rad1 Rac8 16. c3 Bb8 17. Bh4 Ng6 18. Bg3 Bxg3 19. hxg3 Nce5 20. Nxe5 Nxe5 21. Qf5 g6 22. Qxd7 Nxd7 23. Rxe8+ Rxe8 24. Kf1 a6 25. Nb3 Nf6 26. f3 Kf8 27. Re1 b6 28. Nd4 Rxe1+ 29. Kxe1 Ke8 30. Ke2 Kd7 31. Ke3 Kd6 32. Kf4 h6 33. g4 Nd7 34. b3 b5 35. Ke3 Kc5 36. b4+ Kd6 37. g3 Ne5 38. Nb3 Nc4+ 39. Kd3 Kc6 40. Nc5 a5 41. f4 axb4 42. cxb4 Nb2+ 43. Kc2 Nc4 44. Kd3 Kd6 45. Nb7+ Ke6 46. Nc5+ Kd6 47. Nb7+ Kc7 48. Nc5 Kc6 49. Ke2 d4 50. Kd3 Kd5 51. Nb3 Nb2+ 52. Kc2 Na4 53. Kd3 Nc3 54. Nxd4 Nxa2 55. Nxb5 Nxb4+ 56. Ke3 Nc2+ 57. Kd3 Ne1+ 58. Ke2 Nc2 59. Kd3 Nb4+ 60. Ke3 Nc6 61. Nc3+ Ke6 62. Ke4 Ne7 63. Nb5 Nd5 64. Nd4+ Kd6 65. Ne2 Nf6+ 66. Kf3 Kd5 67. Nc3+ Kc4 68. Ne4 Ne8 69. Nd2+ Kd5 70. Ne4 Kd4 71. Nd2 Kd3 72. Nb3 Nc7 73. Nc1+ Kd2 74. Nb3+ Kc3 75. Nc1 Nb5 76. Ke3 Nd6 77. Ne2+ 1/2-1/2

[Event "GER-ch U25-A"]
[Site "Willingen"]
[Date "2016.05.17"]
[Round "4"]
[White "Walow, Xenia"]
[Black "Aengenheister, Dennis"]
[Result "0-1"]
[WhiteElo "1575"]
[BlackElo "1749"]
[PlyCount "88"]
[EventDate "2016.05.15"]
[EventType "swiss"]
[EventRounds "9"]
[EventCountry "GER"]
[SourceTitle "CBM 172 Extra"]
[Source "ChessBase"]
[SourceDate "2016.06.21"]
[SourceVersion "1"]
[SourceVersionDate "2016.06.21"]
[SourceQuality "1"]

1. d4 f5 2. Nf3 Nf6 3. Bf4 g6 4. e3 Bg7 5. c4 d6 6. Bd3 0-0 7. 0-0 Nc6 8. a3 Qe8 9. d5 Nd8 10. Nbd2 Nh5 11. Rb1 Nxf4 12. exf4 e5 13. dxe6 Nxe6 14. Re1 Qc6 15. g3 b6 16. Bf1 Rb8 17. Qc2 Re8 18. b4 Bb7 19. Qd3 Re7 20. Bg2 Qd7 21. Re2 Rbe8 22. Rbe1 Kf8 23. Nb3 Be4 24. Qe3 c5 25. b5 Qb7 26. Nbd2 Nd4 27. Nxd4 Bxd4 28. Bxe4 Rxe4 29. Qf3 Rxe2 30. Rxe2 Qxf3 31. Rxe8+ Kxe8 32. Nxf3 Bf6 33. Ne1 Kd7 34. Nc2 Bd4 35. Nxd4 cxd4 36. Kf1 d5 37. cxd5 Kd6 38. Ke2 Kxd5 39. Kd3 Kc5 40. a4 h5 41. h4 Kd5 42. f3 Kc5 43. g4 Kd5 44. g5 Kc5 0-1

[Event "GER-ch U25-A"]
[Site "Willingen"]
[Date "2016.05.15"]
[Round "2"]
[White "Aengenheister, Dennis"]
[Black "Lehmann, Tim"]
[Result "1-0"]
[WhiteElo "1749"]
[BlackElo "1613"]
[PlyCount "61"]
[EventDate "2016.05.15"]
[EventType "swiss"]
[EventRounds "9"]
[EventCountry "GER"]
[SourceTitle "CBM 172 Extra"]
[Source "ChessBase"]
[SourceDate "2016.06.21"]
[SourceVersion "1"]
[SourceVersionDate "2016.06.21"]
[SourceQuality "1"]

1. f4 d5 2. Nf3 Nf6 3. e3 e6 4. b3 Be7 5. Bb2 b6 6. Bd3 Bb7 7. 0-0 c5 8. Ne5 Nc6 9. Nc3 a6 10. a3 Qc7 11. Ne2 Bd6 12. Nxc6 Qxc6 13. Ng3 b5 14. Rf2 0-0-0 15. a4 b4 16. a5 Be7 17. c3 bxc3 18. Bxc3 h5 19. h3 h4 20. Ne2 c4 21. Nd4 Qc7 22. Bc2 Bd6 23. Nf5 cxb3 24. Bd3 Kd7 25. Qxb3 Rb8 26. Qc2 Ne8 27. Rc1 f6 28. Nd4 f5 29. Rff1 Nf6 30. Qa4+ Ke7 31. Nxf5+ 1-0

[Event "GER-ch U25-A"]
[Site "Willingen"]
[Date "2016.05.15"]
[Round "1"]
[White "Holtel, Jasper"]
[Black "Aengenheister, Dennis"]
[Result "1-0"]
[WhiteElo "2269"]
[BlackElo "1749"]
[PlyCount "61"]
[EventDate "2016.05.15"]
[EventType "swiss"]
[EventRounds "9"]
[EventCountry "GER"]
[SourceTitle "CBM 172 Extra"]
[Source "ChessBase"]
[SourceDate "2016.06.21"]
[SourceVersion "1"]
[SourceVersionDate "2016.06.21"]
[SourceQuality "1"]

1. e4 e6 2. d4 d5 3. Nc3 dxe4 4. Nxe4 Be7 5. Nf3 Nf6 6. Bd3 Nbd7 7. Qe2 0-0 8. 0-0 b6 9. Rd1 Bb7 10. Ng3 Qc8 11. c4 Re8 12. Be3 c5 13. Rac1 Qc7 14. Bb1 Rad8 15. Re1 Bd6 16. b3 Bc6 17. dxc5 bxc5 18. Red1 Be7 19. Ne1 Nf8 20. Nd3 Ba8 21. f3 Ng6 22. Qf2 Rc8 23. Rd2 Ne5 24. Rcd1 Nxd3 25. Bxd3 a5 26. Ne2 Bd6 27. Bxh7+ Nxh7 28. Rxd6 Nf6 29. Nc3 Red8 30. Bxc5 Rxd6 31. Bxd6 1-0